| 000 | 00765nam a22002537a 4500 | ||
|---|---|---|---|
| 999 |
_c1888 _d1888 |
||
| 003 | AR-CdUCM | ||
| 008 | 190228b ||||| |||| 00| 0 spa d | ||
| 020 | _a8449968720 | ||
| 040 |
_aMUNICIPALIDAD PROVINCIAL DEL CUSCO _cBIBLIOTECA MUNICIPAL DEL CUSCO |
||
| 082 |
_a860 / _bAL39 |
||
| 100 |
_aAleixandre, Vicente _96916 |
||
| 245 |
_aAntologia Esencial / _cAleixandre, Vicente |
||
| 260 |
_aMadrid : _bOrbis, _c1984. |
||
| 300 |
_a236 paginas ; _c20cm. |
||
| 440 |
_aPremio Nobel _n29 _96917 |
||
| 500 | _aPremios Nobel | ||
| 650 |
_aPoemas Hyspanoamerica _96918 |
||
| 650 |
_aLiteratura _983 |
||
| 650 |
_aPremios nobel _96919 |
||
| 700 |
_aAleixandre, Vicente _96916 |
||
| 700 |
_aAmusco, Alejandro _96920 |
||
| 942 |
_2ddc _cLIBROS |
||
| 945 |
_apjha _d2019-02-28 |
||